Vista normal Vista MARC

Entrada Topical Term

Número de registros utilizados en: 1

001 - CONTROL NUMBER

  • control field: 43706

003 - CONTROL NUMBER IDENTIFIER

  • control field: OSt

005 - DATE AND TIME OF LATEST TRANSACTION

  • control field: 20240626143617.0

008 - FIXED-LENGTH DATA ELEMENTS

  • fixed length control field: 240626|| aca||aabn | a|a d

040 ## - CATALOGING SOURCE

  • Original cataloging agency: OSt
  • Transcribing agency: OSt

150 ## - HEADING--TOPICAL TERM

  • Topical term or geographic name entry element: Esclavitud en Colombia
  • General subdivision: Historia

670 ## - SOURCE DATA FOUND

  • Source citation: Work cat.: (OSt)30763: Castillo Mathieu ,Nicolas Del, 1931 - 2013 43705, La llave de las indas / , 1981.